000 00871nam a22003017a 4500
001 BR6004154
003 BR-BrBNA
005 20230928083203.0
007 ta
008 230509b bl.||||| |||| 00| 0 por d
040 _aBR-BrBNA
_bpor
_cBiblioteca Nacional de Agricultura
041 _a(Por)
072 _aF03
_b0470
_b/G514
090 _ 0470 BR6004154
100 1 _aVelois, A.C.C.
100 1 _aMonteiro, L.F.
110 1 _aInstituto de Pesquisas e Experimentacao Agropecuarias da Amazonia Ocidental, Manaus, AM (Brasil)
_96170
245 1 _aProducao de sementes de juta no Estado do Amazonas
260 3 _aManaus, AM (Brasil):
_c[nd].
300 _a9 p.
500 _aSummary (Eng); Published after 1970
650 _aJUTA
650 _aSEMENTE
650 _aGERMINACAO
650 _aAMAZONIA
909 _a202309
_bLucia
_c55
_dLucia Elande
942 _cBK
999 _c12039
_d12039